| 000 | 00634nam a2200229Ia 4500 | ||
|---|---|---|---|
| 003 | OSt | ||
| 005 | 20250605122110.0 | ||
| 008 | 008 250107s9999 xx 000 0 eng d | ||
| 040 |
_aCRL _beng _cCRL |
||
| 041 |
_aeng _2eng |
||
| 084 | _aI Q4 | ||
| 084 | _qCRL | ||
| 100 |
_aBorkakoti Jubi Au. _9730544 |
||
| 245 | 0 | _aRemnants, reflections and the symphony | |
| 260 |
_aGuwahati, India _bChandra Prakash _c3587 |
||
| 300 | _a84p. | ||
| 365 |
_a€ _b65.41 |
||
| 650 |
_aENGLISH LITERATUREENGLISH POETRY _9729696 |
||
| 942 |
_cTB _hI Q4 _2CC _n0 |
||
| 999 |
_c1235975 _d1235975 |
||